00642nam a2200181 a 450000100100000000500170001000800410002704000250006808200180009310000410011124500640015226000380021630000350025450400290028904900090031895201160032799900170044300003249820200930065654.0110718s19uu dr ab 000 0 spa d aDO-SdBNPbspacBNPHU a972.93bG491h1 aGimbernard Pellerano, Jacinto93800710aHistoria de Santo Domingo. /cJacinto Gimbernard Pellerano. aSanto Domingo :b[s.n.],c[196u]. a582 p. :bil., mapas ;c21 cm. aBibliografía : p. I-VI aBNPD 0010718PDaPDbPDcHDd2011-07-18iLF1l0o972.93 G491hp32498-10r2020-06-25w2020-06-25yLFPDZNo se presta c31989d31989